Word Ladder: Tragelaphus Sylvaticus Quiz Stats

 Plays Quiz Updated Jul 25, 2019

Score 0/43 Timer 05:00
0 Plays Today
Clue 4-letter word % Correct
8. Skin of a bananaPEEL
96.1%
15. Lacking moneyPOOR
95.8%
25. Romantic flowerROSE
95.2%
6. Young adultTEEN
94.7%
13. Having an acidic flavorSOUR
94.5%
39. Pig meatPORK
94.2%
12. Fly like a raptorSOAR
94%
40. Public green spacePARK
93.8%
41. Group of wolvesPACK
93.5%
21. Sculpture of the headBUST
93.5%
14. DecantPOUR
93.4%
1. • Vampire's garb •• CAPE •
93.3%
37. Innermost planetary layerCORE
92.9%
35. Walking stickCANE
92.7%
36. ConcernCARE
92.6%
22. • Shrub •• BUSH •
92.5%
38. Oak known for its bark, or stopper made from that barkCORK
92.5%
32. One-eighth of a gallonPINT
92.4%
33. Breathe heavilyPANT
92%
17. Protective footwearBOOT
91.9%
7. Hammer partPEEN
91.8%
28. Moves like a rabbitHOPS
91.6%
Clue 4-letter word % Correct
26. Flexible fluid-carrying tubeHOSE
91.5%
2. Parasite: ____wormTAPE
91.2%
27. Aspiration; desireHOPE
91%
16. Rude personBOOR
90.7%
24. DeceptionRUSE
90.7%
20. Helping verb indicating obligationMUST
90.4%
29. Joints between femur and pelvisHIPS
90.1%
19. Superlative amountMOST
90%
11. Brown the surfaceSEAR
89.9%
42. Hard rubber disk used in sportPUCK
89.9%
23. 'Tom Sawyer' bandRUSH
89.4%
34. TiltCANT
88.8%
18. DebatableMOOT
88.1%
31. Metal fastenersPINS
87.7%
9. Bell soundPEAL
86.9%
5. SeabirdTERN
86.4%
30. Dots on dicePIPS
85.8%
10. Earless pinnipedSEAL
85.2%
43. • Male antelope •
[1] [22+43]'s binomial name = Tragelaphus sylvaticus
• BUCK •
78.6%
3. Zero a scaleTARE
78.1%
4. Glacial poolTARN
76.1%

Today's Daily Dose

Missing Word
Banned Books (A-Z)

Word Ladder
Janis Joplin

Get the Picture
Occupations

You're not logged in!

Compare scores with friends on all Sporcle quizzes.
OR
Log In

Sporcle TV

Today on Sporcle TV


Watch our educational content, quiz creation guides, and fun videos on Sporcle TV.

Show Comments

Extras

Top Quizzes Today


Score Distribution

Your Account Isn't Verified!

In order to create a playlist on Sporcle, you need to verify the email address you used during registration. Go to your Sporcle Settings to finish the process.

Report this User

Report this user for behavior that violates our Community Guidelines.

Details: